000 00257nam a2200109Ia 4500
008 190216s9999||||xx |||||||||||||| ||und||
100 _aJames A Cashin
245 0 _aTheory And Problems Of Accounting Ii
260 _bNull
_c1981
300 _a278p
942 _cBK
999 _c4899
_d4899